000
00227nam a2200097Ia 4500
008
200302s9999 xx 000 0 und d
100
_a
Author
245
_a
100 Architects 10 Critics
260
_b
Phaidon Press Lid.
260
_c
2005
999
_c
5170
_d
5170